000 00435nam a22001577a 4500
005 20251108172419.0
008 250721s9999 xx 000 0 ara d
082 1 4 _a214.3/عبد
100 1 _aعبد الله، محمود
245 1 0 _aمعجزات الأنبياء /
264 1 _aالمنصورة :
_bمكتبة الإيمان،
_c[19-].
300 _a248ص.
650 1 7 _aالمعجزات
942 _2ddc
_cBK
999 _c78702
_d78702